Logistika - nástroj procesného riadenia podnikových činností

Obsah pojmu logistika. Čas, náklady a kvalita v podnikovom logistickom reťazci. Úlohy kontrolingu logistiky. Zdokonaľovanie systémových prvkov logistiky. Logistická podpora výroby - metódy a koncepcie riadenia. Proces zmien v podnikovom logistickom reťazci. Integrácia logistiky a ďalších činností p...

Descrizione completa

Salvato in:
Dettagli Bibliografici
Autore principale: Dupaľ, Andrej
Altri autori: Kokles, Mojmír
Natura: Capitolo di libro
Lingua:slovacco
Soggetti:
Tags: Aggiungi Tag
Nessun Tag, puoi essere il primo ad aggiungerne!!

MARC

LEADER 00000naa$a2200000$$$4500
001 0038713
005 20240502071501.1
041 0 |a slo 
044 |a SK 
245 1 0 |a Logistika - nástroj procesného riadenia podnikových činností  |c Andrej Dupaľ, Mojmír Kokles 
520 |a Obsah pojmu logistika. Čas, náklady a kvalita v podnikovom logistickom reťazci. Úlohy kontrolingu logistiky. Zdokonaľovanie systémových prvkov logistiky. Logistická podpora výroby - metódy a koncepcie riadenia. Proces zmien v podnikovom logistickom reťazci. Integrácia logistiky a ďalších činností podnikateľskej jednotky. 
610 2 0 |a riadenie procesné 
610 2 0 |a logistika integrovaná 
610 2 0 |a logistika 
610 2 0 |a metódy riadenia 
610 2 0 |a metódy rozhodovania 
610 2 0 |a pojmy 
610 2 0 |a kontroling 
610 2 0 |a reťazce logistické 
100 1 |a Dupaľ, Andrej 
700 1 |a Kokles, Mojmír